1998 1758 1310 1156 1681 1786 1452 1875 1202 1028 1662 1832 1607 1601 1465 1327 1932 1870 1758 1308 1704 1630 1534 1109 1735 1312 1512 1243 1140 1838 1201 1069 1248 1374 1966 1444 1777 1824 1578 1046 1070 1710 1504 1702 1798 1250 1703 1131 1258 1958 1187 1893 1475 1274 1649 1365 1681 1302 1027 1829 1544 1824 1398 1198 1460 1880 1557 1612 1488 1084 1207 1857 1524 1073 1164 1376 1982 1955 1154 1035 1308 1263 1687 1898 1762 1312 1431 1858 1328 1506 1833 1200 1080 1193 1307 1850 1144 1481 1989 BCNSPRNW ULIB Ver.6.0+V

เปลี่ยนเป็นภาษาไทย

Change to English
 แสดงรายละเอียดบรรณานุกรม
  กลับหน้าหลัก

Brief Record : Get Marc (ISO 2709) : E-mail record : QR code < ปิดหน้าต่าง
LEADER : 00000nam 2200000uu 4500
001    13399127670
003     ULIB
008    210319s2562||||th 000 0 tha d
020    ^a9786164854628 (ล.1)
060 04 ^aWY152^bว712ห^cล.1
100 0  ^aวิโรจน์ ไววานิชกิจ
245 00 ^aหลักการพยาบาลผู้สูงอายุ เล่ม 1:^bความรู้เบื้องต้นเกี่ยวกับการพยาบาลผู้สูงอายุและหลักเวชศาสตร์ผุ้สูงอายุ /^cวิโรจน์ ไววานิชกิจ, บรรณาธิการ
246 31 ^aการประเมินผู้สูงอายุแบบองค์รวม
246 31 ^aความรู้เบื้องต้นเกี่ยวกับการพยาบาลผู้สูงอายุและหลักเวชศาสตร์ผุ้สูงอายุ
260    ^aกรุงเทพฯ :^bสำนักพิมพ์จุฬาลงกรณ์มหาวิทยาลัย,^c2562
300    ^a88 หน้า :^bภาพประกอบ ;^c22 ซม.
504    ^aมีบรรณานุกรมและดรรชนี
505 2  ^aเล่ม 1ความรู้เบื้องต้นเกี่ยวกับการพยาบาลผู้สูงอายุและหลักเวชศาสตร์ผุ้สูงอายุ
650  4 ^aการพยาบาลเวชศาสตร์วัยชรา
650  4 ^aผู้สูงอายุ
700 0  ^aวิโรจน์ ไววานิชกิจ,^eบรรณาธิการ
945    ^p395^l0^i28792
945    ^p395^l0^i28793
945    ^p395^l0^i28794
945    ^p395^l0^i28795
945    ^p395^l0^i28796
945    ^p395^l0^i28797
945    ^p395^l0^i28798
945    ^p395^l0^i28799
945    ^p395^l0^i28800
945    ^p395^l0^i28801
999    ^aกัณชพร จุลอักษร
รายการนี้ยังไม่มีแท็ก
คุณยังไม่ได้ล็อกอิน คุณสามารถมีกิจกรรมร่วมกับเว็บไซต์ได้ แต่ต้องล็อกอินก่อน ::
  ล็อกอิน

รายการสื่อสารสนเทศ

ลำดับที่ ประเภท เลขเรียก/บาร์โค้ด สถานที่ สถานะ
1. หนังสือสำรอง
หนังสือสำรอง
WY152 ว712ห ล.1 ฉ.1 
  Barcode: 28792
ห้องสมุดวิทยาเขตนครสวรรค์
►หนังสือทั่วไป:l:General Books
บนชั้น
2. วิทยาศาสตร์การแพทย์ และสุขภาพ
วิทยาศาสตร์การแพทย์ และสุขภาพ
WY152 ว712ห ล.1 ฉ.10 
  Barcode: 28801
ห้องสมุดวิทยาเขตนครสวรรค์
►หนังสือทั่วไป:l:General Books
บนชั้น
3. วิทยาศาสตร์การแพทย์ และสุขภาพ
วิทยาศาสตร์การแพทย์ และสุขภาพ
WY152 ว712ห ล.1 ฉ.2 
  Barcode: 28793
ห้องสมุดวิทยาเขตนครสวรรค์
►หนังสือทั่วไป:l:General Books
บนชั้น
4. วิทยาศาสตร์การแพทย์ และสุขภาพ
วิทยาศาสตร์การแพทย์ และสุขภาพ
WY152 ว712ห ล.1 ฉ.3 
  Barcode: 28794
ห้องสมุดวิทยาเขตนครสวรรค์
►หนังสือทั่วไป:l:General Books
บนชั้น
5. วิทยาศาสตร์การแพทย์ และสุขภาพ
วิทยาศาสตร์การแพทย์ และสุขภาพ
WY152 ว712ห ล.1 ฉ.4 
  Barcode: 28795
ห้องสมุดวิทยาเขตนครสวรรค์
►หนังสือทั่วไป:l:General Books
บนชั้น
6. วิทยาศาสตร์การแพทย์ และสุขภาพ
วิทยาศาสตร์การแพทย์ และสุขภาพ
WY152 ว712ห ล.1 ฉ.5 
  Barcode: 28796
ห้องสมุดวิทยาเขตนครสวรรค์
►หนังสือทั่วไป:l:General Books
บนชั้น
7. วิทยาศาสตร์การแพทย์ และสุขภาพ
วิทยาศาสตร์การแพทย์ และสุขภาพ
WY152 ว712ห ล.1 ฉ.6 
  Barcode: 28797
ห้องสมุดวิทยาเขตนครสวรรค์
►หนังสือทั่วไป:l:General Books
บนชั้น
8. วิทยาศาสตร์การแพทย์ และสุขภาพ
วิทยาศาสตร์การแพทย์ และสุขภาพ
WY152 ว712ห ล.1 ฉ.7 
  Barcode: 28798
ห้องสมุดวิทยาเขตนครสวรรค์
►หนังสือทั่วไป:l:General Books
บนชั้น
9. วิทยาศาสตร์การแพทย์ และสุขภาพ
วิทยาศาสตร์การแพทย์ และสุขภาพ
WY152 ว712ห ล.1 ฉ.8 
  Barcode: 28799
ห้องสมุดวิทยาเขตนครสวรรค์
►หนังสือทั่วไป:l:General Books
บนชั้น
10. วิทยาศาสตร์การแพทย์ และสุขภาพ
วิทยาศาสตร์การแพทย์ และสุขภาพ
WY152 ว712ห ล.1 ฉ.9 
  Barcode: 28800
ห้องสมุดวิทยาเขตนครสวรรค์
►หนังสือทั่วไป:l:General Books
บนชั้น

รายการใกล้เคียง
    ผู้แต่ง [วิโรจน์ ไววานิชกิจ]

    หัวเรื่อง [การพยาบาลเวชศาสตร์วัยชรา]
    หัวเรื่อง [ผู้สูงอายุ]

BibComment


ยังไม่เคยถูกคอมเมนท์

คอมเมนท์ทรัพยากรรายการนี้
  คอมเมนท์: หลักการพยาบาลผู้..


 Copyright 2026. Bcnsprnw @Library